000 00300nam a2200121Ia 4500
008 190216s9999||||xx |||||||||||||| ||und||
100 _aBarakat Ahmad Rajeke
245 0 _aAhmadiyya Movement In India
260 _bMirza Wasim Ahmad
_c1963
300 _a54p
650 _aIslam In India
942 _cBK
999 _c21925
_d21925